[Event "C.to Provinciale UD 2008"]
[Site "Udine ITA"]
[Date "2007.12.01"]
[Round "4"]
[White "Gaspardo, Francesco"]
[Black "Trento, Giacomo"]
[Result "1/2-1/2"]
[WhiteElo "1659"]
[BlackElo "1549"]
[PlyCount "96"]
[EventDate "2007.11.24"]

1. c4 e5 2. Nc3 Nc6 3. g3 f5 4. Bg2 Bc5 5. e3 Nf6 6. Nge2 O-O 7. O-O d6 8. d3
a6 9. a3 Ne7 10. b4 Ba7 11. Bb2 g5 12. d4 e4 13. d5 Ng6 14. Nd4 Ne5 15. Qb3 Nd3
16. Ne6 Bxe6 17. dxe6 Nxb2 18. Qxb2 c6 19. Rfd1 Qe7 20. Qd2 Rad8 21. Rac1 Qxe6
22. Ne2 Ng4 23. Nd4 Bxd4 24. Qxd4 Ne5 25. Rc2 Qh6 26. Qa1 Nf3+ 27. Bxf3 exf3
28. Rd4 f4 29. exf4 gxf4 30. Qf1 fxg3 31. hxg3 Rf5 32. Rh4 Rh5 33. Qh3 Rxh4 34.
Qxh4 Qxh4 35. gxh4 d5 36. cxd5 Rxd5 37. Rc3 Rd4 38. Rxf3 Rxh4 39. Rd3 Rg4+ 40.
Kh2 Rg7 41. a4 Kf7 42. b5 cxb5 43. axb5 a5 44. b6 Ke6 45. f4 Rd7 46. Ra3 Rd5
47. Rh3 Rd7 48. Ra3 Rd4 1/2-1/2

[Event "C.to Provinciale UD 2008"]
[Site "Udine ITA"]
[Date "2007.12.01"]
[Round "4"]
[White "Gentile, Bruno"]
[Black "Cellante, Francesco"]
[Result "0-1"]
[WhiteElo "1449"]
[BlackElo "1500"]
[PlyCount "26"]
[EventDate "2007.11.24"]

1. c4 Nf6 2. g3 e6 3. Bg2 Nc6 4. Nc3 b6 5. d4 Bb7 6. e4 Na5 7. b3 Bb4 8. Bd2
Bxc3 9. Bxc3 Nxe4 10. Qf3 Nxc3 11. d5 Nxd5 12. Qg4 Qf6 13. Rc1 Ne3 0-1

[Event "C.to Provinciale UD 2008"]
[Site "Udine ITA"]
[Date "2007.12.01"]
[Round "4"]
[White "Orsatti, Marcello"]
[Black "Zuttioni, Federico"]
[Result "1-0"]
[WhiteElo "1931"]
[BlackElo "1698"]
[PlyCount "63"]
[EventDate "2007.11.24"]

1. c4 Nf6 2. Nc3 g6 3. g3 Bg7 4. Bg2 O-O 5. d3 Nc6 6. e4 d6 7. Nge2 Nh5 8. O-O
f5 9. f4 e5 10. Be3 Nd4 11. Qd2 c6 12. Rab1 Be6 13. b4 Nxe2+ 14. Nxe2 fxe4 15.
Bxe4 d5 16. cxd5 cxd5 17. Bf3 d4 18. Bf2 Bh3 19. Rfe1 exf4 20. Nxf4 Nxf4 21.
gxf4 Qd7 22. Bg3 Rac8 23. Qe2 Bf6 24. Be4 Rc3 25. Qf3 b6 26. Rec1 Rfc8 27. Qd1
Qc7 28. Rxc3 Qxc3 29. Qa4 Qc2 30. Qxc2 Rxc2 31. a4 Ra2 32. Bd5+ 1-0

[Event "C.to Provinciale UD 2008"]
[Site "Udine ITA"]
[Date "2007.12.01"]
[Round "4"]
[White "Viola, Enrico"]
[Black "Canciani, Sardo"]
[Result "1-0"]
[WhiteElo "1497"]
[BlackElo "1550"]
[PlyCount "63"]
[EventDate "2007.11.24"]

1. d4 Nf6 2. c4 c5 3. d5 e5 4. Nc3 d6 5. e4 Be7 6. Be2 Na6 7. Nf3 Nc7 8. O-O
O-O 9. h3 a6 10. a4 Rb8 11. Qc2 Bd7 12. Bg5 Nfe8 13. Be3 b6 14. Bd3 Qc8 15. Nh2
Qd8 16. f4 f6 17. Rf3 g6 18. Raf1 Ng7 19. g4 b5 20. fxe5 dxe5 21. axb5 axb5 22.
cxb5 Nxb5 23. Nxb5 Bxb5 24. Bxb5 Rxb5 25. d6 Bxd6 26. Qc4+ Ne6 27. Qxb5 Nd4 28.
Qc4+ Kg7 29. Bxd4 cxd4 30. g5 fxg5 31. Rxf8 Bxf8 32. Qf7+ 1-0

[Event "C.to Provinciale UD 2008"]
[Site "Udine ITA"]
[Date "2007.12.02"]
[Round "5"]
[White "Canciani, Sardo"]
[Black "Gentile, Bruno"]
[Result "0-1"]
[WhiteElo "1550"]
[BlackElo "1449"]
[PlyCount "116"]
[EventDate "2007.11.24"]

1. d4 d5 2. Nf3 Nf6 3. e3 Bf5 4. c4 e6 5. Qb3 b6 6. Nc3 c6 7. Bd2 Be7 8. Be2
O-O 9. O-O Ne4 10. Nxe4 Bxe4 11. Rac1 Nd7 12. cxd5 Bxd5 13. Bc4 Bxf3 14. gxf3
Nf6 15. Ba6 Qc7 16. Rc2 Nd7 17. Bb4 Bxb4 18. Qxb4 e5 19. Rfc1 exd4 20. Rxc6 Qe5
21. Qxd4 Qg5+ 22. Qg4 Ne5 23. Qxg5 Nxf3+ 24. Kg2 Nxg5 25. Rd1 Ne6 26. b4 Rad8
27. Rxd8 Rxd8 28. Rc8 Rxc8 29. Bxc8 Nc7 30. Bb7 f6 31. e4 Kf7 32. f4 h5 33. h4
Nb5 34. Bd5+ Ke7 35. Kg3 Nc3 36. Bb3 Nxe4+ 37. Kg2 g5 38. Bc2 Nc3 39. a3 gxf4
40. Bg6 Nb5 41. Bxh5 Nxa3 42. Be2 Nc2 43. b5 Nd4 44. Bd3 f5 45. Kh3 Kf6 46. Kg2
Kg6 47. Kh3 Kh5 48. Bf1 f3 49. Bd3 f4 50. Bf1 Ne2 51. Kh2 Kxh4 52. Kh1 Ng3+ 53.
Kg1 Nxf1 54. Kxf1 Kg3 55. Kg1 Kg4 56. Kf1 Kf5 57. Kf2 Ke4 58. Kf1 Kd4 0-1

[Event "C.to Provinciale UD 2008"]
[Site "Udine ITA"]
[Date "2007.12.02"]
[Round "5"]
[White "Cellante, Francesco"]
[Black "Dizorz, Marco"]
[Result "1-0"]
[WhiteElo "1500"]
[BlackElo "1565"]
[PlyCount "59"]
[EventDate "2007.11.24"]

1. d4 d5 2. c4 c6 3. Nc3 Nf6 4. e3 Bf5 5. cxd5 cxd5 6. g3 e6 7. a3 h6 8. Bg2
Be7 9. Nge2 O-O 10. O-O Nbd7 11. b4 Nb6 12. f3 Bg6 13. e4 Nc4 14. Re1 Rc8 15.
Nf4 dxe4 16. Nxg6 fxg6 17. fxe4 Nh7 18. Bh3 Qb6 19. Na4 Qd6 20. Nc5 Rb8 21.
Bxe6+ Kh8 22. Bxc4 Bg5 23. Ne6 Rfe8 24. Nxg5 Nxg5 25. Bxg5 hxg5 26. Rc1 b5 27.
Bd5 Rbc8 28. Rxc8 Rxc8 29. Qd3 a6 30. g4 1-0

[Event "C.to Provinciale UD 2008"]
[Site "Udine ITA"]
[Date "2007.12.02"]
[Round "5"]
[White "Di Tomaso, Fausto"]
[Black "Gaspardo, Francesco"]
[Result "1/2-1/2"]
[WhiteElo "1589"]
[BlackElo "1659"]
[PlyCount "78"]
[EventDate "2007.11.24"]

1. d4 e6 2. c4 f5 3. Nf3 Nf6 4. g3 d5 5. Bg2 c6 6. O-O Bd6 7. b3 Qe7 8. Bb2 O-O
9. Nbd2 Bd7 10. Ne5 Be8 11. Ndf3 Bh5 12. a3 Bxf3 13. exf3 Nbd7 14. Re1 Bxe5 15.
dxe5 Ne8 16. cxd5 cxd5 17. Rc1 Nb6 18. Re2 Rc8 19. Rxc8 Nxc8 20. Qc1 Nb6 21.
Rc2 Rf7 22. Bd4 Qd8 23. Bf1 Rc7 24. Bb5 Rxc2 25. Qxc2 Qc7 26. Qd2 Nd7 27. Bxd7
Qxd7 28. Bxa7 Nc7 29. a4 Qc6 30. Qa5 h6 31. Bb6 d4 32. Bxd4 Qxf3 33. Qxc7 Qd1+
34. Kg2 Qxd4 35. Qb8+ Kh7 36. Qd6 Qe4+ 37. Kh3 Qg4+ 38. Kg2 Qe4+ 39. Kh3 Qg4+
1/2-1/2

[Event "C.to Provinciale UD 2008"]
[Site "Udine ITA"]
[Date "2007.12.02"]
[Round "5"]
[White "Santacroce, Fidel"]
[Black "Degano, Emanuele"]
[Result "0-1"]
[WhiteElo "1586"]
[BlackElo "1623"]
[PlyCount "140"]
[EventDate "2007.11.24"]

1. e4 b6 2. d4 Bb7 3. Nc3 d6 4. Bb5+ Nd7 5. Qe2 a6 6. Bc4 b5 7. Bb3 c5 8. dxc5
Nxc5 9. f3 Nxb3 10. cxb3 g6 11. h4 Nf6 12. Nh3 Nh5 13. Qf2 Bg7 14. g4 Nf6 15.
O-O O-O 16. Nf4 Nd7 17. h5 Ne5 18. a4 Bc6 19. Be3 bxa4 20. Nxa4 Bxa4 21. bxa4
Nc4 22. Ra2 Nxe3 23. Qxe3 Bh6 24. e5 d5 25. Qd4 e6 26. Kg2 Qg5 27. Nh3 Qe7 28.
f4 gxh5 29. g5 Bg7 30. Qd1 Qb4 31. Qxh5 Qb3 32. Nf2 Qc2 33. Rh1 Qg6 34. b4 Rab8
35. Rb2 Rfc8 36. Qxg6 hxg6 37. Rb3 Rc4 38. Ng4 Rxf4 39. Nf6+ Bxf6 40. gxf6 Rf5
41. Rbh3 Rh5 42. Rxh5 gxh5 43. Rb1 Kh7 44. Kf3 Kh6 45. b5 axb5 46. Rxb5 Ra8 47.
a5 Ra7 48. Kf4 Kg6 49. Ke3 Kf5 50. Kd4 h4 51. Kc5 h3 52. Kb6 Ra8 53. Kb7 Rh8
54. Rb1 h2 55. Rh1 Kg4 56. Kc7 Ra8 57. Rxh2 Rxa5 58. Rh7 Ra7+ 59. Kd8 d4 60.
Ke8 d3 61. Rh2 Kf5 62. Rh5+ Ke4 63. Rh7 d2 64. Rxf7 Rxf7 65. Kxf7 Kxe5 66. Ke7
d1=Q 67. f7 Qd6+ 68. Ke8 Kf6 69. f8=Q+ Qxf8+ 70. Kxf8 e5 0-1

[Event "C.to Provinciale UD 2008"]
[Site "Udine ITA"]
[Date "2007.12.02"]
[Round "5"]
[White "Trento, Giacomo"]
[Black "Bisaro, Andrea"]
[Result "0-1"]
[WhiteElo "1549"]
[BlackElo "1548"]
[PlyCount "67"]
[EventDate "2007.11.24"]

1. e4 d6 2. d4 Nf6 3. Nc3 g6 4. Be3 Ng4 5. Bf4 Bg7 6. f3 Nf6 7. Qd2 Nc6 8. Bc4
Na5 9. Be2 Bd7 10. e5 dxe5 11. dxe5 Nh5 12. g3 Nxf4 13. gxf4 Bf5 14. Ne4 Qxd2+
15. Kxd2 O-O-O+ 16. Ke3 f6 17. exf6 exf6 18. Bd3 Rhe8 19. Ne2 Bd7 20. Kf2 f5
21. Ng5 Re7 22. Nc3 h6 23. Nd5 Bd4+ 24. Kg2 Rg7 25. c3 hxg5 26. cxd4 Bc6 27.
Nf6 Rxd4 28. Rad1 gxf4 29. Rhg1 Bd7 30. Nxd7 Rgxd7 31. Bc2 Rxd1 32. Rxd1 Rxd1
33. Bxd1 Nc4 34. b3 0-1

[Event "C.to Provinciale UD 2008"]
[Site "Udine ITA"]
[Date "2007.12.02"]
[Round "5"]
[White "Viola, Enrico"]
[Black "Orsatti, Marcello"]
[Result "1-0"]
[WhiteElo "1497"]
[BlackElo "1931"]
[PlyCount "79"]
[EventDate "2007.11.24"]

1. d4 d5 2. c4 e6 3. Nc3 Nf6 4. cxd5 exd5 5. f3 Be7 6. e4 dxe4 7. fxe4 c6 8.
Nf3 Bg4 9. Be2 O-O 10. O-O h6 11. Be3 Bb4 12. Bd3 Qe7 13. e5 Bxc3 14. bxc3 Nd5
15. Bd2 Nd7 16. Qe1 Rfe8 17. c4 N5b6 18. Bxh6 gxh6 19. Qg3 h5 20. h3 Kh8 21.
hxg4 Rg8 22. Qh3 Nf6 23. g5 Nh7 24. Bxh7 Rg7 25. Bf5 Nxc4 26. Qxh5+ Kg8 27. g6
Ne3 28. gxf7+ Rxf7 29. Ng5 Rxf5 30. Rxf5 Nxf5 31. Qg6+ Qg7 32. Qxf5 Rf8 33.
Qe6+ Kh8 34. Qh3+ Kg8 35. Ne6 Qd7 36. Qg4+ Kh8 37. Qh5+ Kg8 38. Qg6+ Kh8 39.
Qh6+ Kg8 40. Qxf8+ 1-0

[Event "C.to Provinciale UD 2008"]
[Site "Udine ITA"]
[Date "2007.12.02"]
[Round "5"]
[White "Zuttioni, Federico"]
[Black "Muradore, Aldo"]
[Result "1-0"]
[WhiteElo "1698"]
[BlackElo "1541"]
[PlyCount "109"]
[EventDate "2007.11.24"]

1. e4 c5 2. Nf3 d6 3. d4 cxd4 4. Nxd4 Nf6 5. Nc3 g6 6. Be3 Bg7 7. f3 Bd7 8. Bc4
Nc6 9. Qd2 Na5 10. Be2 a6 11. Bh6 O-O 12. h4 Nh5 13. Bxg7 Kxg7 14. g4 Ng3 15.
Rh3 Nxe2 16. Qxe2 Rc8 17. h5 e5 18. Nb3 Nc4 19. O-O-O b5 20. Rdh1 Rh8 21. Qh2
Qg5+ 22. Kb1 Na3+ 23. bxa3 Rxc3 24. hxg6 Qxg6 25. Kb2 Rhc8 26. Rxh7+ Kf8 27.
Rh8+ Ke7 28. Qh4+ Qf6 29. Qxf6+ Kxf6 30. R1h6+ Ke7 31. Rxc8 Rxc8 32. Nc1 Rc4
33. Nd3 a5 34. Rh8 a4 35. Nb4 Ke6 36. Rh6+ Ke7 37. Nd5+ Kd8 38. Rh8+ Be8 39.
Nf6 Ke7 40. Nxe8 Rc8 41. Rg8 Rxe8 42. Rxe8+ Kxe8 43. Kc3 Kd7 44. Kb4 Kc6 45. c3
f6 46. c4 bxc4 47. Kxc4 Kb6 48. Kb4 Kc6 49. Kxa4 Kc5 50. Kb3 d5 51. exd5 Kxd5
52. a4 Kd4 53. a5 Ke3 54. a6 Kxf3 55. a7 1-0

[Event "C.to Provinciale UD 2008"]
[Site "Udine ITA"]
[Date "2007.12.02"]
[Round "6"]
[White "Cellante, Francesco"]
[Black "Bertolutti, Francesca"]
[Result "1-0"]
[WhiteElo "1500"]
[BlackElo "1329"]
[PlyCount "55"]
[EventDate "2007.11.24"]

1. d4 d5 2. c4 e6 3. e3 c5 4. Nf3 Nc6 5. Nc3 Nf6 6. Be2 Qb6 7. Na4 Qa5+ 8. Bd2
Qc7 9. Nxc5 Be7 10. O-O b6 11. cxd5 Nxd5 12. Nb3 O-O 13. a3 a5 14. Rc1 Bb7 15.
Ne5 Qd6 16. Nxc6 Bxc6 17. Bf3 Rac8 18. e4 Nf4 19. e5 Bxf3 20. Qxf3 Qd5 21. Bxf4
Qxf3 22. gxf3 Rfd8 23. Rxc8 Rxc8 24. Rc1 Rd8 25. Be3 f6 26. f4 fxe5 27. fxe5
Rf8 28. Nd2 1-0

[Event "C.to Provinciale UD 2008"]
[Site "Udine ITA"]
[Date "2007.12.02"]
[Round "6"]
[White "Degano, Emanuele"]
[Black "Canciani, Sardo"]
[Result "1-0"]
[WhiteElo "1623"]
[BlackElo "1550"]
[PlyCount "87"]
[EventDate "2007.11.24"]

1. e4 c5 2. Nf3 d6 3. d4 cxd4 4. Nxd4 Nf6 5. Nc3 g6 6. Be3 Bg7 7. f3 O-O 8. Qd2
Nc6 9. g4 Bd7 10. Nxc6 bxc6 11. Bh6 Bxh6 12. Qxh6 Rb8 13. O-O-O Qb6 14. b3 Be6
15. h4 Qa5 16. Kb2 Kh8 17. Be2 Qc5 18. Qd2 Bc4 19. Bxc4 Qxc4 20. h5 a5 21. hxg6
fxg6 22. Qh2 a4 23. Nb1 axb3 24. cxb3 Qb5 25. Nc3 Qa5 26. Qe2 Kg8 27. Qc4+ Kh8
28. Ne2 Ra8 29. a4 Rab8 30. Nd4 Qe5 31. Ka2 d5 32. exd5 cxd5 33. Qc2 Kg8 34.
Nc6 Rfc8 35. Rhe1 Qd6 36. Nxe7+ Qxe7 37. Qxc8+ Rxc8 38. Rxe7 Rd8 39. Re5 d4 40.
a5 Nd5 41. Kb2 Nb4 42. Rb5 Nc6 43. Rc5 Nb4 44. Rc4 1-0

[Event "C.to Provinciale UD 2008"]
[Site "Udine ITA"]
[Date "2007.12.02"]
[Round "6"]
[White "Gentile, Bruno"]
[Black "Dizorz, Marco"]
[Result "0-1"]
[WhiteElo "1449"]
[BlackElo "1565"]
[PlyCount "88"]
[EventDate "2007.11.24"]

1. d4 d5 2. c4 c6 3. e3 Nf6 4. Nf3 h6 5. Nc3 Bf5 6. Nh4 Bh7 7. a4 e6 8. b3 Bb4
9. Bb2 Ne4 10. Rc1 Qxh4 11. g3 Qe7 12. Bg2 Nxc3 13. Bxc3 Bxc3+ 14. Rxc3 Qb4 15.
Qd2 dxc4 16. bxc4 Qxa4 17. O-O Qb4 18. e4 Qe7 19. d5 exd5 20. exd5 O-O 21. d6
Qd7 22. Re1 Re8 23. Rxe8+ Qxe8 24. Re3 Qd8 25. Qa5 Nd7 26. Qb4 Qb6 27. Qe1 Qb1
28. Bh3 Qxe1+ 29. Rxe1 Nf6 30. Re7 Rb8 31. Rc7 Kf8 32. d7 Nxd7 33. Rxd7 a5 34.
Rd2 a4 35. Ra2 Ra8 36. f3 f6 37. Kf2 Bg8 38. Bf1 a3 39. Ke3 b5 40. Bd3 b4 41.
Kd4 b3 42. Ra1 b2 43. Ra2 Ra4 44. Kc3 Bxc4 0-1

[Event "C.to Provinciale UD 2008"]
[Site "Udine ITA"]
[Date "2007.12.02"]
[Round "6"]
[White "Orsatti, Marcello"]
[Black "Di Tomaso, Fausto"]
[Result "1-0"]
[WhiteElo "1931"]
[BlackElo "1589"]
[PlyCount "89"]
[EventDate "2007.11.24"]

1. c4 Nf6 2. Nc3 c6 3. g3 d6 4. Bg2 g6 5. d3 Bg7 6. Bg5 Nbd7 7. e4 O-O 8. Qd2
e5 9. Nge2 Re8 10. O-O a5 11. h3 Nb6 12. f4 Nbd7 13. f5 Qb6+ 14. Be3 Qd8 15.
fxg6 fxg6 16. Rf2 Rf8 17. Raf1 Rf7 18. g4 Rf8 19. Ng3 Rb8 20. g5 Ne8 21. h4
Rxf2 22. Qxf2 Qe7 23. Bh3 Nf8 24. Bxc8 Rxc8 25. h5 Ne6 26. h6 Bf8 27. Nce2 Ra8
28. d4 a4 29. d5 cxd5 30. exd5 Nc5 31. Bxc5 dxc5 32. Ne4 Rd8 33. N2c3 Nd6 34.
Qxc5 Rc8 35. Qxd6 Qxd6 36. Nxd6 Bxd6 37. Ne4 Bc5+ 38. Kg2 Bd4 39. b3 axb3 40.
axb3 Ra8 41. d6 Ra2+ 42. Kg3 Re2 43. d7 Bb6 44. Nf6+ Kh8 45. Nd5 1-0

[Event "X Weekend B"]
[Site "Porto Sant'Elpidio ITA"]
[Date "2007.11.24"]
[Round "1"]
[White "Balzano, Aldo"]
[Black "Perdichizzi, Roberto"]
[Result "1-0"]
[WhiteElo "1581"]
[BlackElo "1401"]
[PlyCount "81"]
[EventDate "2007.11.24"]

1. d4 Nf6 2. c4 g6 3. Nc3 Bg7 4. e4 d6 5. f3 O-O 6. Be3 c6 7. Qd2 a6 8. O-O-O
b5 9. h4 b4 10. Nce2 a5 11. g4 Nbd7 12. h5 Nb6 13. Ng3 Ba6 14. hxg6 fxg6 15. g5
Nfd7 16. Qh2 Kf7 17. Nf5 Rh8 18. Nxg7 Kxg7 19. d5 Kf7 20. dxc6 Ne5 21. Bd4
Nexc4 22. Bxh8 Qxh8 23. Bxc4+ Nxc4 24. Qxh7+ Qg7 25. Qxg7+ Kxg7 26. Rd5 Rc8 27.
b3 Ne3 28. Rxa5 Rxc6+ 29. Kd2 Ng2 30. Nh3 Nh4 31. Rc1 Nxf3+ 32. Kd1 Rxc1+ 33.
Kxc1 Bd3 34. Ra4 Bxe4 35. Rxb4 Ba8 36. a4 Ne5 37. Kd2 Kf7 38. Rb8 Bg2 39. Nf4
Nf3+ 40. Ke3 Nxg5 41. Nxg2 1-0

[Event "X Weekend B"]
[Site "Porto Sant'Elpidio ITA"]
[Date "2007.11.24"]
[Round "1"]
[White "Brandoni, Nicola"]
[Black "Miandro, Steven"]
[Result "0-1"]
[WhiteElo "1425"]
[BlackElo "1596"]
[PlyCount "104"]
[EventDate "2007.11.24"]

1. e4 c5 2. Nc3 d6 3. g3 Nf6 4. Bg2 g6 5. f4 Bg7 6. d3 O-O 7. Nf3 Nc6 8. Be3
Ng4 9. Bg1 Rb8 10. h3 Nf6 11. d4 Nxd4 12. Nxd4 cxd4 13. Bxd4 b6 14. e5 Ne8 15.
exd6 Qxd6 16. Bxg7 Qxd1+ 17. Rxd1 Nxg7 18. Kf2 Bb7 19. Bxb7 Rxb7 20. Rhe1 Ne6
21. g4 Nxf4 22. Kg3 Ne6 23. Re5 Rd8 24. Nd5 Kf8 25. c4 Rbd7 26. h4 Nc7 27. h5
e6 28. hxg6 hxg6 29. Kf4 exd5 30. cxd5 Rxd5 31. Rexd5 Rxd5 32. Rxd5 Nxd5+ 33.
Ke5 Ne3 34. Kf4 Nxg4 35. Kxg4 f6 36. b4 Ke7 37. Kf4 Ke6 38. a4 g5+ 39. Ke3 Ke5
40. Kf3 f5 41. Ke3 g4 42. Kd3 f4 43. Kc4 g3 44. Kb5 g2 45. Ka6 g1=Q 46. Kxa7
b5+ 47. Ka6 bxa4 48. b5 Kd6 49. b6 Kc6 50. Ka5 Qxb6+ 51. Kxa4 Kc5 52. Ka3 Qb1
0-1

[Event "X Weekend B"]
[Site "Porto Sant'Elpidio ITA"]
[Date "2007.11.24"]
[Round "1"]
[White "Cataldi, Cristiano"]
[Black "Binci, Filippo"]
[Result "0-1"]
[WhiteElo "1709"]
[BlackElo "1488"]
[PlyCount "86"]
[EventDate "2007.11.24"]

1. e4 c6 2. d4 d5 3. Nc3 dxe4 4. Nxe4 Nf6 5. Nxf6+ exf6 6. Nf3 Bd6 7. Bd3 Be6
8. O-O O-O 9. c3 Nd7 10. Qc2 h6 11. Be3 Qc7 12. Qd2 h5 13. h3 c5 14. Rfe1 Rfe8
15. Rad1 c4 16. d5 cxd3 17. dxe6 Nc5 18. exf7+ Qxf7 19. Bxc5 Bxc5 20. Qxd3
Rxe1+ 21. Rxe1 Qxa2 22. c4 Qa5 23. Qd5+ Kh8 24. Qxh5+ Kg8 25. Qd5+ Kh8 26. Qxb7
Rd8 27. Qe4 Qb6 28. Qh4+ Kg8 29. Rb1 a5 30. Qg3 a4 31. Nh4 Rd2 32. Rf1 Rxb2 33.
Nf5 Qa7 34. Ne3 a3 35. Ra1 a2 36. Qg6 Qb7 37. Qe8+ Bf8 38. Qe6+ Kh8 39. Kh2
Qb8+ 40. g3 Rxf2+ 41. Ng2 Qb2 42. Qd5 g6 43. Qa8 Rxg2+ 0-1

[Event "X Weekend B"]
[Site "Porto Sant'Elpidio ITA"]
[Date "2007.11.24"]
[Round "1"]
[White "Di Mantino, Mauro"]
[Black "Santarelli, Emmanuele"]
[Result "1-0"]
[WhiteElo "1726"]
[BlackElo "1506"]
[PlyCount "31"]
[EventDate "2007.11.24"]

1. e4 e6 2. d4 d5 3. Nc3 Bb4 4. Nge2 Ne7 5. a3 Bxc3+ 6. Nxc3 c5 7. dxc5 O-O 8.
Bd3 dxe4 9. Nxe4 Nd7 10. Qh5 Ng6 11. Bg5 f6 12. Be3 Nde5 13. O-O-O Qc7 14. Nd6
b6 15. Be4 Rb8 16. Nb5 1-0

[Event "X Weekend B"]
[Site "Porto Sant'Elpidio ITA"]
[Date "2007.11.24"]
[Round "1"]
[White "Gasparroni, Riccardo"]
[Black "Marconi, Gabriele"]
[Result "1-0"]
[WhiteElo "1699"]
[BlackElo "1482"]
[PlyCount "57"]
[EventDate "2007.11.24"]

1. e4 e5 2. Nf3 Nc6 3. Bb5 f6 4. d4 Qe7 5. O-O Qd8 6. dxe5 Nxe5 7. Nxe5 fxe5 8.
Qh5+ g6 9. Qxe5+ Qe7 10. Qxh8 Qf7 11. Qe5+ Kd8 12. Bg5+ Ne7 13. Qf6 Qxf6 14.
Bxf6 c6 15. Bc4 b5 16. Bf7 Bb7 17. Rd1 Kc7 18. Be5+ Kd8 19. Be6 Bc8 20. a4 Ke8
21. Bh3 Ng8 22. axb5 cxb5 23. Nc3 b4 24. Nb5 Kf7 25. Nc7 Rb8 26. Bxd7 Bxd7 27.
Rxd7+ Ne7 28. Ra6 Rb7 29. Rf6+ 1-0

[Event "X Weekend B"]
[Site "Porto Sant'Elpidio ITA"]
[Date "2007.11.24"]
[Round "1"]
[White "Gasparroni, Roberto"]
[Black "Gasparroni, Daniele"]
[Result "0-1"]
[WhiteElo "1506"]
[BlackElo "1760"]
[PlyCount "36"]
[EventDate "2007.11.24"]

1. Nf3 d5 2. d4 c5 3. Bf4 Nc6 4. e3 Nf6 5. Bb5 a6 6. Bxc6+ bxc6 7. dxc5 e6 8.
Qd4 Qa5+ 9. b4 Qa4 10. O-O Qxc2 11. Nbd2 a5 12. a3 a4 13. Ne5 Bb7 14. Rfc1 Qf5
15. g4 Nxg4 16. Nxg4 Qxg4+ 17. Kf1 Ba6+ 18. Ke1 Qg1+ 0-1

[Event "X Weekend B"]
[Site "Porto Sant'Elpidio ITA"]
[Date "2007.11.24"]
[Round "1"]
[White "Gjoklaj, Shpetim"]
[Black "Tamburini, Giovanni"]
[Result "1-0"]
[WhiteElo "1599"]
[BlackElo "1464"]
[PlyCount "77"]
[EventDate "2007.11.24"]

1. d4 d6 2. c4 g6 3. Nc3 Bg7 4. Nf3 Nd7 5. h3 e5 6. e3 f5 7. Be2 e4 8. Nd2 Ngf6
9. O-O O-O 10. b4 c5 11. bxc5 dxc5 12. Ba3 b6 13. Nb3 Qc7 14. Nb5 Qc6 15. Rc1
a6 16. d5 Qb7 17. Nc3 Ne5 18. Rb1 Qa7 19. Bb2 Ne8 20. a4 Nd6 21. Nd2 Bd7 22. f3
exf3 23. Bxf3 Nexc4 24. Nxc4 Nxc4 25. Qd3 Nxb2 26. Rxb2 Bxc3 27. Qxc3 Be8 28.
d6 Rb8 29. Rd1 Bf7 30. Bc6 Rfd8 31. Qe5 Be8 32. d7 Bf7 33. Rd6 b5 34. axb5 axb5
35. Rbd2 Rb6 36. Qe7 Qc7 37. Rf6 Bc4 38. Qe8+ Rxe8 39. dxe8=Q+ 1-0

[Event "X Weekend B"]
[Site "Porto Sant'Elpidio ITA"]
[Date "2007.11.24"]
[Round "1"]
[White "Lorito, Giuseppe"]
[Black "Binci, Luca"]
[Result "0-1"]
[WhiteElo "1455"]
[BlackElo "1650"]
[PlyCount "124"]
[EventDate "2007.11.24"]

1. d4 Nf6 2. c4 g6 3. Nc3 Bg7 4. e4 d6 5. Be3 O-O 6. f3 e5 7. Bd3 c6 8. Nge2
Nh5 9. O-O Nf4 10. Nxf4 exf4 11. Bxf4 Bxd4+ 12. Kh1 Be5 13. Qd2 Qh4 14. Bxe5
dxe5 15. Ne2 Rd8 16. Rad1 Na6 17. Qc3 Qf6 18. c5 b5 19. Bc2 Be6 20. Rfe1 Bc4
21. b3 Bxe2 22. Rxe2 Rxd1+ 23. Bxd1 Rd8 24. Bc2 Rd4 25. a3 Qe7 26. b4 Qd7 27.
Re1 Nc7 28. Bb3 Ne6 29. Bxe6 Qxe6 30. Qc2 Qd7 31. Qc1 Rc4 32. Qb1 Rd4 33. Qa1
f5 34. exf5 gxf5 35. Qc1 Rd2 36. Qa1 e4 37. fxe4 fxe4 38. Qb1 Qd3 39. Qxd3 Rxd3
40. Kg1 e3 41. Kf1 Rxa3 42. Ke2 Rb3 43. Kf3 Rxb4 44. Rxe3 Kf7 45. Ra3 Ra4 46.
Rd3 b4 47. Rb3 Ra3 48. Re3 Rxe3+ 49. Kxe3 b3 50. Kd2 a5 51. Kc1 a4 52. Kb2 Ke6
53. h4 Kf5 54. h5 Kg4 55. h6 Kg3 56. Ka3 Kxg2 57. Kb2 Kg3 58. Ka3 Kg4 59. Kb2
Kg5 60. Ka3 Kxh6 61. Kb2 Kg5 62. Ka3 h5 0-1

[Event "X Weekend B"]
[Site "Porto Sant'Elpidio ITA"]
[Date "2007.11.24"]
[Round "1"]
[White "Marinucci, Johnny"]
[Black "Sorcinelli, Matteo"]
[Result "1-0"]
[WhiteElo "1655"]
[BlackElo "1458"]
[PlyCount "105"]
[EventDate "2007.11.24"]

1. d4 e5 2. dxe5 Nc6 3. Nf3 Qe7 4. Qd5 f6 5. exf6 Nxf6 6. Qb3 Qb4+ 7. Qxb4 Nxb4
8. Na3 Bc5 9. Bf4 d6 10. Bg3 O-O 11. c3 Nbd5 12. Nc2 Ne4 13. e3 Nxg3 14. hxg3
Bg4 15. Be2 Bxf3 16. Bxf3 c6 17. O-O-O Rad8 18. Bxd5+ cxd5 19. f3 Rf5 20. Nd4
Bxd4 21. exd4 Re8 22. Kd2 h6 23. Rde1 Rxe1 24. Rxe1 Kf7 25. g4 Rf4 26. Ke3 g5
27. g3 Rf6 28. Kf2 Rg6 29. b3 b5 30. a4 a6 31. axb5 axb5 32. Ra1 Rg8 33. Ke3
Re8+ 34. Kd3 Rb8 35. Ra7+ Kg6 36. Ra6 Kg7 37. f4 gxf4 38. gxf4 b4 39. cxb4 Rxb4
40. Kc3 Rb7 41. Rxd6 Rb5 42. Rc6 Rb7 43. Rc5 Rd7 44. b4 Kf6 45. Rc6+ Kg7 46. b5
Re7 47. b6 Re3+ 48. Kb4 Re4 49. Kc5 Rxf4 50. b7 Rxg4 51. b8=Q Rg6 52. Qb7+ Kf8
53. Rc8# 1-0

[Event "X Weekend B"]
[Site "Porto Sant'Elpidio ITA"]
[Date "2007.11.24"]
[Round "1"]
[White "Morelli, Basilio"]
[Black "Basso, Fabrizio"]
[Result "0-1"]
[WhiteElo "1488"]
[BlackElo "1706"]
[PlyCount "66"]
[EventDate "2007.11.24"]

1. d4 Nf6 2. c4 g6 3. Nc3 Bg7 4. e4 d6 5. Be3 O-O 6. h3 c6 7. Bd3 Qc7 8. Nge2
Nbd7 9. g4 e5 10. g5 Nh5 11. Qd2 f5 12. exf5 gxf5 13. f4 e4 14. Bc2 Nb6 15. Bb3
Kh8 16. Rg1 Be6 17. d5 cxd5 18. cxd5 Bf7 19. Rc1 Nc4 20. Bxc4 Qxc4 21. b3 Qb4
22. Nd4 Nxf4 23. Nxf5 Nd3+ 24. Kf1 Bg6 25. Kg2 Rxf5 26. a3 Qxb3 27. Nxe4 Qxd5
28. Rcd1 Qxe4+ 29. Kh2 Be5+ 30. Rg3 Bxg3+ 31. Kxg3 Rf3+ 32. Kh2 Rxe3 33. Qc3+
Ne5 0-1

[Event "X Weekend B"]
[Site "Porto Sant'Elpidio ITA"]
[Date "2007.11.24"]
[Round "1"]
[White "Paoloni, Andrea"]
[Black "Pescatore, Lorenzo"]
[Result "0-1"]
[WhiteElo "1440"]
[BlackElo "1600"]
[PlyCount "50"]
[EventDate "2007.11.24"]

1. d4 Nf6 2. Nf3 d5 3. e3 e6 4. b3 c5 5. Ba3 Nc6 6. Bb5 Qa5+ 7. Nfd2 Qxb5 8. c4
Qa5 9. dxc5 Bxc5 10. Bxc5 Qxc5 11. O-O O-O 12. Nf3 dxc4 13. Qc2 b5 14. bxc4
Qxc4 15. Qxc4 bxc4 16. Rc1 Ba6 17. Rc3 Nd5 18. Ra3 Ncb4 19. Ne1 Bb5 20. Nd2 c3
21. Ne4 c2 22. Rc1 a6 23. Nc5 Rfc8 24. Nd7 Bxd7 25. e4 Nc3 0-1

[Event "X Weekend B"]
[Site "Porto Sant'Elpidio ITA"]
[Date "2007.11.24"]
[Round "1"]
[White "Piccioli, Lorenzo"]
[Black "Di Pietro, Gabriele"]
[Result "1-0"]
[WhiteElo "1503"]
[BlackElo "1713"]
[PlyCount "129"]
[EventDate "2007.11.24"]

1. d4 Nf6 2. g3 e6 3. Bg2 d5 4. a3 c5 5. dxc5 Bxc5 6. e3 Nc6 7. Ne2 O-O 8. b3
Bd7 9. Bb2 Rc8 10. Nd2 b5 11. h3 Bb6 12. Nf3 Qe7 13. O-O e5 14. Qd2 Rfd8 15.
Rfd1 Bf5 16. Nh4 Be6 17. Nf3 Ne4 18. Qe1 f6 19. Nd2 f5 20. Nxe4 fxe4 21. Qd2
Qg5 22. Rf1 d4 23. h4 Qh6 24. Bxe4 dxe3 25. Qc1 exf2+ 26. Kg2 Qh5 27. Nc3 Qg4
28. Rh1 Nd4 29. Qg5 Rf8 30. Qxg4 Bxg4 31. Nd5 Bd8 32. Bxd4 exd4 33. Rhf1 Re8
34. Bd3 Re5 35. Nf4 g5 36. hxg5 Bxg5 37. Rxf2 Rce8 38. a4 a6 39. axb5 axb5 40.
Ra7 Bf5 41. Bxf5 Rxf5 42. Rd7 Bd8 43. Re2 Rxe2+ 44. Nxe2 Bb6 45. Nxd4 Rf6 46.
Nxb5 Rf2+ 47. Kh3 Rxc2 48. Rd3 Rc5 49. Na3 Rc6 50. Nc4 Bc7 51. g4 Rh6+ 52. Kg2
Rh2+ 53. Kf3 Rh3+ 54. Ke4 Rh1 55. Rd7 Re1+ 56. Kf3 Bh2 57. Rb7 Rd1 58. Ne3 Rd3
59. Ke4 Rd6 60. Nf5 Re6+ 61. Kd5 Re5+ 62. Kd4 Re1 63. b4 Rg1 64. Kd5 Rxg4 65.
Nh6+ 1-0